| 000 | 02541cam a22002294a 4500 | ||
|---|---|---|---|
| 005 | 20250605163951.0 | ||
| 008 | 250528s ||||||||||||||||||||||||d | ||
| 035 | _a15391 | ||
| 020 | _a538074515 | ||
| 040 |
_aGR-AtMCL _bgre _dGR-AtMCL _eAACR2 |
||
| 245 | 1 | _aManagement & Organization | |
| 260 |
_bSouth-Western, _c1989 |
||
| 300 | _a682 | ||
| 505 | 0 | _aIntroduction to Management, The Managerial Role, The Evolution of Management Thought, Ethical and Social Responsibilities of Management, Decision Making and Planning, Managerial Decision Making, Fundamentals of Strategic Planning, Implementing the Strategic Planning Process, Production and Operations Management, The Organizing Function, Division of Work and Organization Structure, Authority and Power in Organizations, Delegation and Decentralization of Authority, Staffing in Organizations, Leading, Leadership of Organizational Members, Motivating Organizational Members, Interpersonal and Organizational Communication, Management of Ineffective Performance, The Control Function, Principles of Control, Control Methods and Techniques, Management Information Systems and Control, Managing in Special Settings, Entrepreneurship and Small Business Management, International Management, Individual and Organizational Development, Career Management and Development, Organization Development Change. | |
| 520 | _aIntroduction to Management, The Managerial Role, The Evolution of Management Thought, Ethical and Social Responsibilities of Management, Decision Making and Planning, Managerial Decision Making, Fundamentals of Strategic Planning, Implementing the Strategic Planning Process, Production and Operations Management, The Organizing Function, Division of Work and Organization Structure, Authority and Power in Organizations, Delegation and Decentralization of Authority, Staffing in Organizations, Leading, Leadership of Organizational Members, Motivating Organizational Members, Interpersonal and Organizational Communication, Management of Ineffective Performance, The Control Function, Principles of Control, Control Methods and Techniques, Management Information Systems and Control, Managing in Special Settings, Entrepreneurship and Small Business Management, International Management, Individual and Organizational Development, Career Management and Development, Organization Development Change. | ||
| 700 | 1 |
_aDubrin Andrew J _91300 |
|
| 700 | 1 |
_aIreland Duane R _91301 |
|
| 700 | 1 |
_aWilliams Clifton J _91302 |
|
| 942 | _cBK | ||
| 999 |
_c975 _d975 |
||